Statystyki dla Kraje które wygrały Mistrzostwa Świata

Kliknij tutaj aby rozwiązać quiz!

Ogólne statystyki

  • Ten quiz został rozwiązany 2 897 razy
  • Średni wynik to 8 z 9

Statystyki odpowiedzi

rokkraj% Poprawnych
2002brazylia
98%
2018Francja
98%
2014niemcy
97%
1986argentyna
94%
2010hiszpania
93%
2006Włochy
89%
1950urugwaj
82%
1966anglia
79%
1990RFN
26%

Rozkład punktacji

Percentyl według liczby udzielonych odpowiedzi

Procent ludzi z każdym wynikiem

Twoja historia wyników

Nie rozwiązałeś tego quizu